书目信息 |
| 题名: |
单簧管
|
|
| 作者: | 奥莱利 , 威廉姆斯 编 ;胡越菲 译 | |
| 分册: | 3 | |
| 出版信息: | 上海 上海音乐出版社 2014 |
|
| 页数: | 39页 | |
| 开本: | 31cm | |
| 丛书名: | ||
| 单 册: | ||
| 中图分类: | J621.46 | |
| 科图分类: | ||
| 主题词: | 单簧管--吹奏法--教材 | |
| 电子资源: | ||
| ISBN: | 978-7-5523-0409-1 | |
| 000 | 01031nam0 2200289 450 | |
| 001 | 340458 | |
| 005 | 20150625154518.95 | |
| 010 | @a978-7-5523-0409-1@dCNY35.00 | |
| 100 | @a20140429d2014 em y0chiy50 ea | |
| 101 | 1 | @achi@ceng |
| 102 | @aCN@b310000 | |
| 105 | @aag z 000yy | |
| 106 | @ar | |
| 200 | 1 | @a单簧管@Adan huang guan@h3@f约翰·奥莱利(John O'Reilly) , 马克·威廉姆斯(Mark Williams) 编@g胡越菲译 |
| 210 | @a上海@c上海音乐出版社@c上海文艺音像电子出版社@d2014 | |
| 215 | @a39页@c图@d31cm | |
| 300 | @a管乐队现代化训练教程 原版引进 | |
| 305 | @a美国阿尔弗莱德出版公司授权出版 | |
| 306 | @a本书限中国大陆发行 | |
| 330 | @a本书提供了练习曲和有趣的曲调, 介绍了单簧管的复习要点、乐队演奏要点、音阶要点、节奏要点、休止符要点等内容。 | |
| 606 | 0 | @a单簧管@x吹奏法@j教材 |
| 690 | @aJ621.46@v5 | |
| 701 | 0 | @a奥莱利@Aao lai li@c(O'Reilly, John)@4编 |
| 701 | 0 | @a威廉姆斯@Awei lian mu si@c(Williams, Mark)@4编 |
| 702 | 0 | @a胡越菲@Ahu yue fei@4译 |
| 801 | 0 | @aCN@b卓展宏图@c20150525 |
| 905 | @dJ621.46@e260@f4 | |
| 单簧管.3/约翰·奥莱利(John O'Reilly) , 马克·威廉姆斯(Mark Williams) 编/胡越菲译.-上海:上海音乐出版社:上海文艺音像电子出版社,2014 |
| 39页:图;31cm |
| 管乐队现代化训练教程 原版引进 |
| ISBN 978-7-5523-0409-1:CNY35.00 |
| 本书提供了练习曲和有趣的曲调, 介绍了单簧管的复习要点、乐队演奏要点、音阶要点、节奏要点、休止符要点等内容。 |
| ● |
| 相关链接 |
|
|
|
|
正题名:单簧管
索取号:J621.46/260
 
预约/预借
| 序号 | 登录号 | 条形码 | 馆藏地/架位号 | 状态 | 备注 |
| 1 | 865753 | 208657531 | 第一样本阅览室/ [索取号:J621.46/260] | 在馆 | |
| 2 | 865754 | 208657540 | 密集书库-音乐系/ [索取号:J621.46/260] | 在馆 | |
| 3 | 865755 | 208657559 | 第一借阅区/ [索取号:J621.46/260] | 在馆 | |
| 4 | 865756 | 208657568 | 第一借阅区/ [索取号:J621.46/260] | 在馆 |